Statistiques concernant Livre à l'auteur n°18

Cliquez ici pour prendre le quiz!

Statistiques générales

  • Ce quiz a été pris 104 fois
  • Le résultat moyen est 6 sur 16

Statistiques - réponses

LivreAuteur% Correct
Le Deuxième SexeSimone de Beauvoir
92%
L'Être et le NéantJean-Paul Sartre
78%
Vol de nuitAntoine de Saint-Exupéry
71%
Le Mythe de SisypheAlbert Camus
59%
Ainsi parlait ZarathoustraFriedrich Nietzsche
58%
PersepolisMarjane Satrapi
52%
Le ChâteauFranz Kafka
42%
Série des James BondIan Fleming
41%
L'Œuvre de Dieu, la Part du DiableJohn Irving
20%
Le Livre du rire et de l'oubliMilan Kundera
18%
Oh les beaux joursSamuel Beckett
15%
Le TurbotGünter Grass
12%
Ronya, fille de brigandAstrid Lindgren
11%
Un Jardin dans les AppalachesBarbara Kingsolver
11%
Les Enfants de minuitSalman Rushdie
9%
Le Livre de la DuchesseGeoffrey Chaucer
4%

Distribution des résultats

Percentile par nombre de réponses

% des personnes avec chaque résultat

Votre développement - résultats

Vous n’avez pas pris ce quiz